Normal view MARC view
  • Drogas y jóvenes

Entry Materia

Number of records used in: 67

001 - NÚMERO DE CONTROL DEL REGISTRO

  • campo de control: 1397

003 - IDENTIFICADOR DE NUMERO DE CONTROL

  • campo de control: MX-MxUPN

005 - FECHA Y HORA DE LA ÚLTIMA TRANSACCIÓN

  • campo de control: 20240307121631.0

008 - DATOS DE LONGITUD FIJA

  • campo de control de longitud fija: 240307 n annnnbabn b ana |d

035 ## - NÚMERO DE CONTROL DEL SISTEMA

  • Número de control del sistema: UPN10000001397

040 ## - FUENTE DE LA CATALOGACIÓN

  • Lengua de catalogación: spa
  • Centro catalogador de origen: MX-MxUPN

053 #4 - NÚMERO CLASIFICADOR - BIBLIOTECA DEL CONGRESO (LC)

  • Elemento numérico de la clasificación - Número único o no. inicial del rango: HV5824 Y68

150 ## - ENCABEZAMIENTO - TEMÁTICO

  • Término de materia o nombre geográfico como elemento inicial: Drogas y jóvenes

670 ## - FUENTE EN LA QUE SE LOCALIZARON DATOS

  • Cita de la fuente: LEMB, 1998 :
  • Información localizada: página 353 (Drogas y jóvenes)

902 ## - CATALOGADOR

  • Catalogador: MMA/310800
  • Catalogador: VíctorGodínez/070324